书目信息 |
| 题名: |
历史唯物主义论丛
|
|
| 作者: | ;中国历史唯物主义研究会 编 | |
| 分册: | 第五辑 | |
| 出版信息: | 北京 清华大学出版社 1982 |
|
| 页数: | 300页 | |
| 开本: | 19cm | |
| 丛书名: | ||
| 单 册: | ||
| 中图分类: | B03 | |
| 科图分类: | ||
| 主题词: | 历史叭唯物主义 | |
| 电子资源: | ||
| ISBN: | ||
| 000 | 00698nam0 2200241 45 | |
| 001 | 0182006332 | |
| 005 | 20060727173801.29 | |
| 010 | @dCNY1.50 | |
| 091 | @a2236.16 | |
| 100 | @a19950630d1982 kmey0chiy0121 ea | |
| 101 | 0 | @achi |
| 102 | @aCN@b110000 | |
| 105 | @ay m 000yy | |
| 106 | @ar | |
| 200 | 10 | @a历史唯物主义论丛@h第五辑@Ali shi wei wu zhu yi lun cong@f中国历史唯物主义研究会编 |
| 210 | @a北京@c清华大学出版社@d1982 | |
| 215 | @a300页@d19cm | |
| 606 | 0 | @a历史叭唯物主义 |
| 690 | @aB03 | |
| 711 | 02 | @a中国历史唯物主义研究会@Azhong guo li shi wei wu zhu yi yan jiu hui@4编 |
| 801 | 0 | @aCN@b上海图书馆@c20060727 |
| 801 | 2 | @aCN@bNLC@c20040218 |
| 905 | @f3@b122939-941@dB03@e11:5 | |
| 历史唯物主义论丛.第五辑/中国历史唯物主义研究会编.-北京:清华大学出版社,1982 |
| 300页;19cm |
| ISBN :CNY1.50 |
| ● |
| 相关链接 |
|
|
|
|
正题名:历史唯物主义论丛
索取号:B03/11:5
 
预约/预借
| 序号 | 登录号 | 条形码 | 馆藏地/架位号 | 状态 | 备注 |
| 1 | 0122939 | 001871585 | 密集书库/ [索取号:B03/11:5] | 在馆 | |
| 2 | 0122940 | 001871549 | 密集书库/ [索取号:B03/11:5] | 在馆 | |
| 3 | 0122941 | 001871460 | 密集书库/ [索取号:B03/11:5] | 在馆 |